=LDR 00000nam 2200000 4500 =001 INLIS000000000021918 =005 20200313035836 =035 ##$$a 0010-061300000021918 =008 200313################g##########0#ind## =041 ##$$a Ind =082 ##$$a 200 =090 ##$$a 200 Smi a =100 1#$$a Smith, Huston =245 1#$$a Agama-agama manusia /$c Huston Smith; pengantar,Johan Efendi; penerjemah, Saafroedin Bahar =260 ##$$a Jakarta :$b Yayasan Obor Indonesia,$c 2001 =300 ##$$a xvi, 426 hlm, : $b Ilus. ; $c 14 x 21 cm =650 #4$$a Agama =850 ##$$a NBPNMAT =020 ##$$a 979-461-313-4 =084 ##$$a 200 SMI a =250 ##$$a ed.6 =990 ##$$a 20616504 =990 ##$$a 20616505 =990 ##$$a 30700727 =990 ##$$a 30700728